Predprofesijná príprava a integrácia mentálne postihnutej mládeže

Bibliographic Details
Main Author: Hritz, Ľubomír (Author)
Format: Article
Language:Slovak
Subjects:

MARC

LEADER 00000nab a2200000 a 4500
001 vtls001504087
003 SK-MaSNL
005 20260304135612.0
008 250505s1997 xo 000 0 slo
035 |a SPKCL6414 
035 |a (urnnbn)urn:nbn:sk:snk:ar-a07m2r 
035 |a (uuid)6eaafa15-e641-4d5e-88db-8543135b1f03 
035 |a urn:nbn:sk:snk-ab8a3d 
040 |a SNKBUCL  |b slo  |c SNKBUCL  |e AACR2 
041 0 |a slo 
044 |a xo  |c SK 
080 |a 376.4:37.048.4:301.173  |2 1981 
100 1 |a Hritz, Ľubomír  |4 aut  |9 301384 
245 1 0 |a Predprofesijná príprava a integrácia mentálne postihnutej mládeže  |c Ľubomír Hritz 
650 0 7 |a špeciálna pedagogika  |2 snkbucl  |9 958 
650 0 7 |a mentálne postihnutí  |2 snkbucl  |9 1248 
650 0 7 |a odborné vzdelanie  |2 snkbucl  |9 1080559 
650 0 7 |a mládež  |2 snkbucl  |9 1575 
773 0 |t Efeta - otvor sa  |g Roč. 7, č. 3 (1997) s. 5-6 
850 |a Slovenská národná knižnica 
852 |a Slovenská národná knižnica 
954 |a odborná, vedecká literatúra pôvodná (slovenská)  |2 lita 
958 |a article9 
958 |a OND 
958 |a EUIPO 
999 |c 2911421  |d 2913351